Finansovo-kreditnyj mechanizm i rynok investicij.

Štruktúra zdrojov financovania centralizovaných a necentralizovaných investícií v r. 1989 a 1990. Požiadavky na nový finančno-úverový mechanizmus v investičnej sfére v r. 1990. Žiadúce zmeny investičnej a štruktúrnej politiky pri jej sociálnom zameraní. Predpoklady zvýšenia národohospodárskej efektí...

Full description

Saved in:
Bibliographic Details
Main Author: Černecov, S.A
Format: Book Chapter
Language:Russian
Subjects:
Tags: Add Tag
No Tags, Be the first to tag this record!

MARC

LEADER 00000naa a2200000 4500
001 r001072
005 20220819193947.5
041 0 |a rus 
044 |a [SU] 
245 1 0 |a Finansovo-kreditnyj mechanizm i rynok investicij.  |c S.A. Černecov 
520 |a Štruktúra zdrojov financovania centralizovaných a necentralizovaných investícií v r. 1989 a 1990. Požiadavky na nový finančno-úverový mechanizmus v investičnej sfére v r. 1990. Žiadúce zmeny investičnej a štruktúrnej politiky pri jej sociálnom zameraní. Predpoklady zvýšenia národohospodárskej efektívnosti investícií do výrobnej sféry. Pôsobenie finančno-úverového mechanizmu v investičnej oblasti. 
610 2 0 |a financovanie 
610 2 0 |a výstavba investičná 
610 2 0 |a sústava úverová 
610 2 0 |a ZSSR 
610 2 0 |a 1989-1990 
610 2 0 |a politika investičná 
610 2 0 |a efektívnosť investícií 
610 2 0 |a úver investičný 
100 1 |a Černecov, S.A.